Guiding your son or daughter toward successful marriage. (Record no. 14534)

000 -LEADER
fixed length control field 00732nam a2200217 a 4500
001 - CONTROL NUMBER
control field :::00012366$&:&@@
003 - CONTROL NUMBER IDENTIFIER
control field OkBaRHE
005 - DATE AND TIME OF LATEST TRANSACTION
control field 20000607103418.0
008 - FIXED-LENGTH DATA ELEMENTS--GENERAL INFORMATION
fixed length control field s1967 j 000 0 eng u
040 ## - CATALOGING SOURCE
Transcribing agency
100 1# - MAIN ENTRY--PERSONAL NAME
Personal name Moser, Leslie E. and Moser, Ruth Small.
245 10 - TITLE STATEMENT
Title Guiding your son or daughter toward successful marriage.
260 ## - PUBLICATION, DISTRIBUTION, ETC. (IMPRINT)
Place of publication, distribution, etc Grand Rapids, MI., :
Name of publisher, distributor, etc Baker Book House
Date of publication, distribution, etc c1967
300 ## - PHYSICAL DESCRIPTION
Extent 110 p. ;
Dimensions 21 cm.
650 ## - SUBJECT ADDED ENTRY--TOPICAL TERM
Topical term or geographic name as entry element Family Life Education
650 ## - SUBJECT ADDED ENTRY--TOPICAL TERM
Topical term or geographic name as entry element Marriage
650 ## - SUBJECT ADDED ENTRY--TOPICAL TERM
Topical term or geographic name as entry element Parent and Child
700 ## - ADDED ENTRY--PERSONAL NAME
Personal name Moser, Ruth Small, Joint author.
942 ## - ADDED ENTRY ELEMENTS (KOHA)
Source of classification or shelving scheme
Koha item type Books
Copies
Permanent Location Shelving location Withdrawn status Barcode Not for loan Full call number Koha item type Price effective from Copy number Current Location Date acquired Date last seen Lost status Source of classification or shelving scheme Damaged status
RHEMA Bible Training CollegeGeneral Stacks 12366 HQ 10 .M685Books2010-04-141RHEMA Bible Training College2010-04-142010-04-14